[Event "SR1418"]
[Site "SchemingMind.com"]
[Date "2005.07.28"]
[Round "-"]
[White "Zarra"]
[Black "AlekhineKid"]
[Result "0-1"]
[WhiteCountry "FIN"]
[BlackCountry "USA"]
[WhiteElo "1523"]
[WhiteRD "96"]
[BlackElo "1873"]
[BlackRD "95"]
[GameID "20809"]

1. e4 e5 2. Nf3 Nc6 3. Bb5 a6 4. Ba4 Nf6 5. O-O Be7 6. Re1 b5 7. Bb3 d6 8. c3 O-O 9. h3 Na5 10. Bc2 c5
11. d4 Nc6 12. d5 Na5 13. Nbd2 c4 14. Nf1 Nb7 15. Ng3 Nc5 16. b4 cxb3 17. axb3 Ne8 18. b4 Nd7 19. Qd3 g6 20. Nh2 Nb6
21. Bh6 Ng7 22. f4 exf4 23. Bxf4 Bb7 24. Rad1 Rc8 25. e5 dxe5 26. Bxe5 Bf6 27. Bxf6 Qxf6 28. Ne4 Qd8 29. Bb3 Nc4 30. Bxc4 Rxc4
31. Nc5 Qb6 32. Kh1 Nf5 33. Nd7 Qc7 34. Nxf8 Rxc3 35. Re8 Kg7 36. Qe2 Ng3+
0-1

[Event "SR1418"]
[Site "SchemingMind.com"]
[Date "2005.07.28"]
[Round "-"]
[White "flamingarrow"]
[Black "AlekhineKid"]
[Result "0-1"]
[WhiteCountry "GBR"]
[BlackCountry "USA"]
[WhiteElo "1633"]
[WhiteRD "78"]
[BlackElo "1873"]
[BlackRD "95"]
[GameID "20810"]

1. e4 e5 2. Nf3 Nc6 3. Bc4 Nf6 4. d3 Bc5 5. c3 d6 6. h3 h6 7. O-O Na5 8. Bb5+ c6 9. Ba4 b5 10. Bc2 Nb7
11. d4 exd4 12. cxd4 Bb6 13. e5 dxe5 14. dxe5 Qxd1 15. Rxd1 Nd5 16. Bb3 Be6 17. Bxd5 Bxd5 18. Nc3 O-O-O 19. Nxd5 Rxd5 20. Rxd5 cxd5
21. Bf4 Kd7 22. Rc1 Rc8 23. Rxc8 Kxc8 24. b4 Kd7 25. Kf1 Nd8 26. Ke2 Nc6 27. a3 Ke6 28. Kd3 Bc7 29. Nd4+ Nxd4 30. Kxd4 Bb6+
31. Kc3 Bxf2 32. Kb3 Bd4 33. a4 a6 34. axb5 axb5 35. g4 Bxe5 36. Bd2 f5 37. gxf5+ Kxf5 38. Kc2 Ke4 39. Be1 d4 40. h4 h5
41. Kd2 Bd6 42. Ke2 d3+ 43. Kd1 Be7 44. Kc1 Kd4 45. Kb2 Ke3
0-1

[Event "SR1418"]
[Site "SchemingMind.com"]
[Date "2005.07.28"]
[Round "-"]
[White "rodrigos"]
[Black "AlekhineKid"]
[Result "1/2-1/2"]
[WhiteCountry "ENG"]
[BlackCountry "USA"]
[WhiteElo "1578"]
[WhiteRD "88"]
[BlackElo "1873"]
[BlackRD "95"]
[GameID "20811"]

1. Nf3 Nf6 2. d4 g6 3. Nc3 d5 4. h3 Bg7 5. Bf4 O-O 6. Nb5 Na6 7. e3 c6 8. Nc3 Bf5 9. a3 Nc7 10. Bd3 Ne4
11. Bxe4 dxe4 12. Nd2 Nd5 13. g4 Nxf4 14. gxf5 Ng2+ 15. Kf1 Nh4 16. fxg6 fxg6 17. Ndxe4 e5 18. Qg4 exd4 19. Ng5 dxc3 20. Qxh4 h6
21. Qc4+ Qd5 22. Qxd5+ cxd5 23. Ne6 cxb2 24. Rb1 Rf6 25. Nxg7 Kxg7 26. Rxb2 Rb6 27. Rb3 Rxb3 28. cxb3 Rc8 29. Ke2 Rc2+ 30. Kf3 Rb2
31. b4 Kf6 32. Rc1 Rb3 33. Rc7 Rxa3 34. Rxb7 d4 35. Rd7 dxe3 36. fxe3 Kg5 37. Rd4 Ra6 38. Kg3 Rb6 39. e4 a6 40. Rd5+ Kf6
41. h4 Rxb4 42. Rd6+ Kf7 43. e5 a5 44. Ra6 Rb5 45. Kf4 g5+ 46. hxg5 hxg5+ 47. Kf5 g4 48. Ra7+ Ke8 49. Kf6 Rb3 50. Rxa5 g3=
51. Ra8+ Kd7 52. e6+ Kd6 53. Rd8+ Kc7 54. e7 Rf3+ 55. Ke6 g2 56. Rd1 Re3+ 57. Kf6 Rf3+= 58. Ke5 Re3+ 59. Kf6 Rf3+ 60. Kg7 Rf1
61. Rxf1= gxf1=Q 62. e8=Q Qg2+=
1/2-1/2